Eight myths about Australian agriculture
Gespeichert in:
| 1. Verfasser: | |
|---|---|
| Weitere Verfasser: | |
| Format: | Buch |
| Sprache: | Englisch |
| Veröffentlicht: |
Brisbane
The University of Queensland
1992
|
| Schriftenreihe: | Discussion Paper
No. 86 |
| Schlagworte: | |
| Tags: |
Keine Tags, Fügen Sie das erste Tag hinzu!
|
MARC
| LEADER | 00000nam a2200000 4500 | ||
|---|---|---|---|
| 001 | c100352 | ||
| 005 | 20221123102146.4 | ||
| 022 | |a 1033-4661 | ||
| 041 | 0 | |a eng | |
| 044 | |a AU | ||
| 245 | 1 | 0 | |a Eight myths about Australian agriculture |c J.W. Longworth and P.C. Riethmuller |
| 264 | 1 | |a Brisbane |b The University of Queensland |c 1992 | |
| 300 | |a 16 s. | ||
| 490 | 1 | |a Discussion Paper |v No. 86 | |
| 830 | 0 | |a Discussion Paper |v No. 86 | |
| 610 | 2 | 0 | |a poľnohospodárstvo |
| 610 | 2 | 0 | |a pôdohospodárstvo |
| 610 | 2 | 0 | |a výroba poľnohospodárska |
| 610 | 2 | 0 | |a vidiek |
| 610 | 2 | 0 | |a mestá |
| 610 | 2 | 0 | |a Austrália |
| 100 | 1 | |a Longworth, J.W. | |
| 700 | 1 | |a Riethmuller, P.C. | |